[Event "Mecklenburg VP LL2 West 2122"]
[Site "Mecklenburg VP"]
[Date "2021.11.21"]
[Round "3.2"]
[White "Trampnau, Jan Niklas"]
[Black "Tovmasyan, Minas"]
[Result "0-1"]
[WhiteElo "1642"]
[BlackElo "1820"]
[PlyCount "38"]
[EventDate "2021.10.24"]
[EventType "team-tourn"]
[EventRounds "9"]
[EventCountry "GER"]
[SourceTitle "EXT 2024"]
[Source "ChessBase"]
[SourceDate "2023.10.10"]
[SourceVersion "1"]
[SourceVersionDate "2023.10.10"]
[SourceQuality "1"]
[WhiteTeam "Wittenberge"]
[BlackTeam "Rostock Makkabi"]
[WhiteTeamCountry "GER"]
[BlackTeamCountry "GER"]

1. d4 Nf6 2. c3 c5 3. Nf3 e6 4. Bg5 Be7 5. Nbd2 b6 6. Bxf6 Bxf6 7. Ne4 Be7 8. dxc5 bxc5 9. Nd6+ Bxd6 10. Qxd6 Qe7 11. Qc7 Ba6 12. e3 d5 13. Qa5 Bxf1 14. Rxf1 0-0 15. Qa4 Nd7 16. e4 c4 17. 0-0-0 Nc5 18. Qa3 Nd3+ 19. Kc2 Rab8 0-1

[Event "Mecklenburg VP-ch U16"]
[Site "Malchow"]
[Date "2019.02.05"]
[Round "6.2"]
[White "Gazizov, Max"]
[Black "Trampnau, Jan Niklas"]
[Result "1-0"]
[WhiteElo "1670"]
[BlackElo "1511"]
[PlyCount "31"]
[EventDate "2019.02.02"]
[EventType "swiss"]
[EventRounds "7"]
[EventCountry "GER"]
[SourceTitle "EXT 2022"]
[Source "ChessBase"]
[SourceDate "2021.10.06"]
[SourceVersion "1"]
[SourceVersionDate "2021.10.06"]
[SourceQuality "1"]

1. d4 d5 2. c4 c6 3. Nc3 Nf6 4. e3 g6 5. Nf3 Bg7 6. Bd3 0-0 7. 0-0 Re8 8. b4 dxc4 9. Bxc4 Qb6 10. Bd2 Nbd7 11. Bxf7+ Kxf7 12. Ng5+ Kg8 13. Qb3+ Kh8 14. Nf7+ Kg8 15. Nh6+ Kh8 16. Qg8+ 1-0

[Event "Mecklenburg VP-ch U16"]
[Site "Malchow"]
[Date "2019.02.02"]
[Round "1.10"]
[White "Trampnau, Jan Niklas"]
[Black "Peilert, Janno"]
[Result "1-0"]
[WhiteElo "1511"]
[BlackElo "1183"]
[PlyCount "87"]
[EventDate "2019.02.02"]
[EventType "swiss"]
[EventRounds "7"]
[EventCountry "GER"]
[SourceTitle "EXT 2022"]
[Source "ChessBase"]
[SourceDate "2021.10.06"]
[SourceVersion "1"]
[SourceVersionDate "2021.10.06"]
[SourceQuality "1"]

1. d4 d5 2. Bf4 e6 3. e3 Nf6 4. Nd2 Bd6 5. Bxd6 Qxd6 6. c3 0-0 7. Ngf3 Nc6 8. Be2 b6 9. 0-0 Bb7 10. Qc2 h6 11. e4 e5 12. dxe5 Nxe5 13. Nxe5 Qxe5 14. f4 Qe6 15. e5 Ne4 16. Bf3 Nc5 17. Rae1 f6 18. Nb3 Nxb3 19. Qxb3 Rad8 20. h3 Kh8 21. Bg4 Qe7 22. Kh2 f5 23. Bh5 Qe6 24. Qa4 Ra8 25. Rd1 a5 26. Bf3 Bc6 27. Qc2 Bb5 28. Bxd5 Qe7 29. Bxa8 Bxf1 30. Rxf1 Rxa8 31. Qxf5 Rf8 32. Qe4 Qe6 33. g4 Qxa2 34. Rf2 c5 35. e6 Re8 36. f5 Re7 37. Qa8+ Kh7 38. Qf8 Ra7 39. e7 Qg8 40. Qxg8+ Kxg8 41. e8Q+ Kh7 42. Rd2 a4 43. Qg6+ Kg8 44. Rd8# 1-0

[Event "GER-ch U25-B"]
[Site "Willingen"]
[Date "2017.06.09"]
[Round "8"]
[White "Grimm, Nicola Marie"]
[Black "Trampnau, Jan Niklas"]
[Result "1/2-1/2"]
[WhiteElo "1239"]
[BlackElo "1141"]
[PlyCount "41"]
[EventDate "2017.06.04"]
[EventType "swiss"]
[EventRounds "9"]
[EventCountry "GER"]
[SourceTitle "CBM 178 Extra"]
[Source "ChessBase"]
[SourceDate "2017.06.22"]
[SourceVersion "1"]
[SourceVersionDate "2017.06.22"]
[SourceQuality "1"]

1. d4 d5 2. Bf4 Nf6 3. Nf3 c6 4. c3 Qb6 5. Qb3 Qxb3 6. axb3 Bf5 7. e3 Nbd7 8. Be2 h6 9. Nbd2 e6 10. Ne5 Nxe5 11. Bxe5 Nd7 12. Bg3 Be7 13. Nf3 0-0 14. 0-0 Rfe8 15. b4 a6 16. Rfd1 Nb6 17. Bc7 Nd7 18. Bd3 Bxd3 19. Rxd3 Rac8 20. Be5 Nb6 21. b3 1/2-1/2

[Event "GER-ch U25-B"]
[Site "Willingen"]
[Date "2017.06.05"]
[Round "3"]
[White "Trampnau, Jan Niklas"]
[Black "Schulz, Paul"]
[Result "1/2-1/2"]
[WhiteElo "1141"]
[BlackElo "1001"]
[PlyCount "100"]
[EventDate "2017.06.04"]
[EventType "swiss"]
[EventRounds "9"]
[EventCountry "GER"]
[SourceTitle "CBM 178 Extra"]
[Source "ChessBase"]
[SourceDate "2017.06.22"]
[SourceVersion "1"]
[SourceVersionDate "2017.06.22"]
[SourceQuality "1"]

1. d4 Nf6 2. Bf4 e6 3. Nf3 Be7 4. h3 b6 5. e3 Bb7 6. Be2 d6 7. 0-0 0-0 8. Nbd2 Nbd7 9. Re1 c5 10. c3 Rc8 11. Nb3 Rc7 12. Qc2 Qa8 13. Rad1 Rcc8 14. Bf1 Bxf3 15. gxf3 Qxf3 16. Nd2 Qa8 17. Bg2 Qb8 18. dxc5 Rxc5 19. Nb3 Rcc8 20. Qd3 Ne5 21. Bxe5 dxe5 22. Nd2 Rfd8 23. Qb1 Nd5 24. Be4 g6 25. Nf3 Rd6 26. Bxd5 Rxd5 27. Rxd5 exd5 28. Rd1 Rd8 29. Qc2 e4 30. Nd4 Qd6 31. Nb5 Qb8 32. Nd4 Rd7 33. Qb3 Qe5 34. Nc6 Qh5 35. Nxe7+ Rxe7 36. Qxd5 Qxd5 37. Rxd5 Kg7 38. Kg2 f5 39. h4 h5 40. c4 Rc7 41. b3 a6 42. a4 Kf7 43. Kg3 Ke6 44. Kf4 Rc5 45. Rxc5 bxc5 46. Kg5 Kf7 47. Kh6 Kf6 48. Kh7 Kf7 49. a5 Kf6 50. Kh6 Kf7 1/2-1/2

[Event "Mecklenburg VP-ch U12"]
[Site "Malchow"]
[Date "2015.02.03"]
[Round "6.3"]
[White "Langer, Robert"]
[Black "Trampnau, Jan Niklas"]
[Result "1-0"]
[WhiteElo "1193"]
[BlackElo "1012"]
[PlyCount "33"]
[EventDate "2015.01.31"]
[EventType "swiss"]
[EventRounds "7"]
[EventCountry "GER"]
[SourceTitle "EXT 2022"]
[Source "ChessBase"]
[SourceDate "2021.10.06"]
[SourceVersion "1"]
[SourceVersionDate "2021.10.06"]
[SourceQuality "1"]

1. d4 d5 2. e3 Nf6 3. Bd3 Bg4 4. Qd2 c6 5. f3 Bh5 6. Qf2 e6 7. Nd2 Nbd7 8. f4 Bd6 9. Ngf3 0-0 10. 0-0 Rc8 11. Ne5 c5 12. c3 c4 13. Bc2 b5 14. Qh4 Bxe5 15. fxe5 Ne4 16. Qxh5 Nxd2 17. Qxh7# 1-0

[Event "Mecklenburg VP-ch U12"]
[Site "Malchow"]
[Date "2014.02.04"]
[Round "6"]
[White "Trampnau, Jan Niklas"]
[Black "Klatt, Rico"]
[Result "1-0"]
[WhiteElo "958"]
[BlackElo "834"]
[PlyCount "80"]
[EventDate "2014.02.01"]
[EventType "swiss"]
[EventRounds "7"]
[EventCountry "GER"]
[SourceTitle "EXT 2017"]
[Source "ChessBase"]
[SourceDate "2016.10.25"]
[SourceVersion "1"]
[SourceVersionDate "2016.10.25"]
[SourceQuality "1"]

1. d4 d5 2. Nf3 Nf6 3. c3 Bf5 4. Qb3 b6 5. Nbd2 e6 6. Qa4+ c6 7. Ne5 b5 8. Qb3 Bd6 9. Ndf3 0-0 10. Bg5 h6 11. Bh4 Be7 12. e3 Qc7 13. Bg3 Bd6 14. Be2 Ne4 15. 0-0 f6 16. Nd3 Bg4 17. Nf4 Bxf3 18. Bxf3 Bxf4 19. Bxf4 e5 20. Bxe4 exf4 21. Bxd5+ cxd5 22. Qxd5+ Qf7 23. Qxa8 Qg6 24. Qd5+ Rf7 25. exf4 Qd3 26. Rfe1 Qg6 27. Qd8+ Rf8 28. Qd5+ Rf7 29. Re7 Nc6 30. Rxf7 Qxf7 31. Qxf7+ Kxf7 32. Re1 g5 33. fxg5 hxg5 34. b4 a5 35. bxa5 Nxa5 36. d5 Nb7 37. Re3 Kg6 38. Kf1 Nd6 39. Re6 Nc8 40. Rc6 Kg7 1-0

[Event "Mecklenburg VP-ch U12"]
[Site "Malchow"]
[Date "2014.02.01"]
[Round "2"]
[White "Trampnau, Jan Niklas"]
[Black "Lange, Jannis"]
[Result "0-1"]
[WhiteElo "958"]
[BlackElo "1205"]
[PlyCount "48"]
[EventDate "2014.02.01"]
[EventType "swiss"]
[EventRounds "7"]
[EventCountry "GER"]
[SourceTitle "EXT 2017"]
[Source "ChessBase"]
[SourceDate "2016.10.25"]
[SourceVersion "1"]
[SourceVersionDate "2016.10.25"]
[SourceQuality "1"]

1. d4 Nf6 2. Nf3 d5 3. Bf4 Nc6 4. c3 Bf5 5. e3 e6 6. Bd3 Be4 7. Bxe4 Nxe4 8. Nbd2 Nd6 9. 0-0 Be7 10. Qa4 0-0 11. c4 dxc4 12. Nxc4 b5 13. Qa6 Nb4 14. Qa3 Nxc4 15. Qc3 Nd5 16. Qb3 Nxf4 17. exf4 c6 18. Rfd1 Qc7 19. Ne5 Nxe5 20. dxe5 Rad8 21. Rxd8 Rxd8 22. Rd1 a5 23. Rxd8+ Qxd8 24. Qc3 Qd1+ 0-1